000 00385nam a2200157Ia 4500
003 LK-CoDNM
008 010623t1961 xxu||||| |||| 00| 1 eng d
040 _aLK-CoDNM
_dLK-CoDNM
_eLK-CoDNM
041 _aeng
080 _a301 SPR
100 _aSprott,W.J.H
245 _aSociology
260 _bHutchinson University Library
_aLondon
_c1961
300 _b192p.;19 cm cm
942 _cBK
999 _c105610
_d105610